00000000nam##2200000za#4500
0019.577219
003CaOODSP
00520210624185516
007cr |||||||||||
008150406|1994||||xxc|||||o    f|0| 0 eng|d
040 |aCaOODSP|beng
043 |an-cn---
0861 |aFs97-13/938E-PDF
1101 |aCanada. |bDepartment of Fisheries and Oceans.
24510|a1991 adult coho escapement and Summary of the 1988 - 1990 Escapement Years to the Lachmach River, British Columbia / |h[electronic resource]|cby J. Lane, J.A. Taylor, and B.O. Finnegan.
260 |aNanaimo - British Columbia : |bFisheries and Oceans Canada |c1994.
300 |a64p.|bfigs., references, tables
4901 |aCanadian data report of fisheries and aquatic sciences|vNo. 938
500 |aOn t.p.: Pacific Biological Station, Nanaimo, British Columbia. The catalogue number and ISSN for the print edition appear in this electronic version.
546 |a(Résumé en français)
590 |a13-20-Supp|b2013-08-30
7201 |aLane, J. A.
7201 |aTaylor, J. A.
7201 |aFinnegan, B.
830#0|aCanadian data report of fisheries and aquatic sciences ;|vNo. 938|w(CaOODSP)9.505124
85640|ahttp://publications.gc.ca|qPDF|s813 KB|uhttps://publications.gc.ca/collections/collection_2013/mpo-dfo/Fs97-13-938-eng.pdf|yNo. 938